| 000 | 00718nam a2200229 a 4500 | ||
|---|---|---|---|
| 001 | 1086 | ||
| 003 | BR-CuiBMT | ||
| 005 | 20231128171149.0 | ||
| 008 | 231128s2011 mtba 000 0 por d | ||
| 020 | _a9788587226921 | ||
| 040 |
_aBR-CuiBMT _cBR-CuiBMT |
||
| 080 |
_22007 _a911.375 _x(817.2) |
||
| 090 |
_a911.375(817.2) _bF866c |
||
| 100 | 1 |
_aFreitas, Maria Auxiliadora _d1962- |
|
| 245 | 1 | 0 |
_aCuiabá : _bimagens da cidade : dos primeiros registros à década de 1960 / _cMaria Auxiliadora de Freitas. |
| 260 |
_aCuiabá : _bEntrelinhas, _c2011. |
||
| 300 |
_a270 p. : _bil. color. ; _c31 cm |
||
| 504 | _aInclui bibliografia. | ||
| 650 |
_aHistória _zCuiabá |
||
| 650 |
_aFotografias _zCuiabá |
||
| 942 |
_2udc _cLV |
||
| 999 |
_c1086 _d1086 |
||